Resumen ejecutivo informe de la situación de drogas en Chile, 1998
Uloženo v:
| Korporativní autor: | |
|---|---|
| Médium: | Kniha |
| Jazyk: | španělština |
| Vydáno: |
Santiago
Consejo Nacional para el Control de Estupefacientes
1998
|
| Témata: | |
| Tagy: |
Přidat tag
Žádné tagy, Buďte první, kdo vytvoří štítek k tomuto záznamu!
|
MARC
| LEADER | 00000nam a2200000 a 4500 | ||
|---|---|---|---|
| 001 | UCP6086 | ||
| 003 | CL-VaPUC | ||
| 008 | 991008e19980000CL |||||||||||||||||spa|d | ||
| 082 | 0 | 4 | |a 362.29 |b CON |2 21 |
| 110 | 2 | |a CONACE |e author |9 434914 | |
| 245 | 1 | 0 | |a Resumen ejecutivo informe de la situación de drogas en Chile, 1998 |
| 300 | |a 35 p | ||
| 942 | |c BK | ||
| 945 | |d 19991008 00:00:00 |a rbrito | ||
| 260 | |a Santiago |b Consejo Nacional para el Control de Estupefacientes |c 1998 | ||
| 650 | 0 | |a Consumo de drogas |9 390009 | |
| 650 | 0 | |a Alcohol |9 406704 | |
| 650 | 0 | |a Tabaco |9 343563 | |
| 650 | 7 | |a MARIHUANA |2 CL-VaPUC |9 414565 | |
| 650 | 7 | |a PASTA BASE |2 CL-VaPUC |9 434915 | |
| 650 | 7 | |a COCAINA |2 CL-VaPUC |9 326326 | |
| 583 | |a last modification |c 19991008 00:00:00 |k Rodrigo Vera | ||
| 999 | |c 283710 |d 283708 | ||
| 952 | |0 0 |1 0 |4 0 |6 362_290000000000000_CON_1998 |7 0 |8 A |9 327116 |a BIBEDU |b BIBEDU |c ES_NOD |d 2019-11-20 |i 3564371 |o 362.29 CON 1998 |p 3564371 |r 2023-08-09 |w 2019-11-20 |y BK |k BME | ||